Ramachandracharita puranam. (Record no. 213068)
[ view plain ]
| 000 -LEADER | |
|---|---|
| fixed length control field | 00564nam a2200193Ia 4500 |
| 003 - CONTROL NUMBER IDENTIFIER | |
| control field | OSt |
| 005 - DATE AND TIME OF LATEST TRANSACTION | |
| control field | 20251205145758.0 |
| 008 - FIXED-LENGTH DATA ELEMENTS--GENERAL INFORMATION | |
| fixed length control field | 210719s1976 xx 000 0 und d |
| 040 ## - CATALOGING SOURCE | |
| Transcribing agency | AL |
| 041 ## - LANGUAGE CODE | |
| Language code of text/sound track or separate title | Kannada |
| 082 ## - DEWEY DECIMAL CLASSIFICATION NUMBER | |
| Classification number | K894.1 NAGP |
| 100 ## - MAIN ENTRY--PERSONAL NAME | |
| Personal name | NAGACHANDRA; |
| Dates associated with a name | ನಾಗಚಂದ್ರ |
| 9 (RLIN) | 247905 |
| 245 ## - TITLE STATEMENT | |
| Title | Ramachandracharita puranam. |
| Remainder of title | ರಾಮಚಂದ್ರಚರಿತ ಪುರಾಣಂ. |
| 260 ## - PUBLICATION, DISTRIBUTION, ETC. | |
| Place of publication, distribution, etc. | Bengaluru |
| Name of publisher, distributor, etc. | Kannada Sahitya Parishattu |
| Date of publication, distribution, etc. | 1976 |
| 300 ## - PHYSICAL DESCRIPTION | |
| Extent | 533 |
| Other physical details | HB |
| 365 ## - TRADE PRICE | |
| Price amount | 15 |
| Currency code | Rs |
| 650 ## - SUBJECT ADDED ENTRY--TOPICAL TERM | |
| Topical term or geographic name entry element | Kannada Poetry |
| 9 (RLIN) | 247906 |
| 942 ## - ADDED ENTRY ELEMENTS (KOHA) | |
| Source of classification or shelving scheme | Dewey Decimal Classification |
| Koha item type | Book |
| Withdrawn status | Lost status | Source of classification or shelving scheme | Damaged status | Not for loan | Collection code | Home library | Current library | Date acquired | Cost, normal purchase price | Total Checkouts | Full call number | Barcode | Date last seen | Price effective from | Koha item type |
|---|---|---|---|---|---|---|---|---|---|---|---|---|---|---|---|
| Dewey Decimal Classification | Kannada | St Aloysius Library | St Aloysius Library | 05/31/1996 | 15.00 | K894.1 NAGP | D01168 | 07/19/2021 | 07/19/2021 | Donated Books |